Best practice pre-intermediate : (Record no. 18367)
[ view plain ]
| 000 -LEADER | |
|---|---|
| fixed length control field | 00875cim a22002177a 4500 |
| 005 - DATE AND TIME OF LATEST TRANSACTION | |
| control field | 20140923123345.0 |
| 007 - PHYSICAL DESCRIPTION FIXED FIELD--GENERAL INFORMATION | |
| fixed length control field | sd uuuuuudmuud |
| 008 - FIXED-LENGTH DATA ELEMENTS--GENERAL INFORMATION | |
| fixed length control field | 140717t2008 xx nnnnfs s| c eng d |
| 024 ## - OTHER STANDARD IDENTIFIER | |
| Standard number or code | 9781413009101 |
| 082 04 - DEWEY DECIMAL CLASSIFICATION NUMBER | |
| Edition number | 22 |
| Classification number | 428.202465 |
| Item number | MAS |
| 100 1# - MAIN ENTRY--PERSONAL NAME | |
| 9 (RLIN) | 35936 |
| Personal name | Mascull, Bill |
| 245 10 - TITLE STATEMENT | |
| Title | Best practice pre-intermediate : |
| Medium | [sound recording] : |
| Remainder of title | business English in global context : audio CDs / |
| Statement of responsibility, etc | Bill Mascull. |
| 260 ## - PUBLICATION, DISTRIBUTION, ETC. (IMPRINT) | |
| Place of publication, distribution, etc | [S. l.] : |
| Name of publisher, distributor, etc | Heinle Cengage Learning, |
| Date of publication, distribution, etc | c.2008. |
| 300 ## - PHYSICAL DESCRIPTION | |
| Extent | 2 sound discs ; |
| Dimensions | 4 3/4 in. |
| 500 ## - GENERAL NOTE | |
| General note | Units 1-13, units 14-24. |
| 650 #0 - SUBJECT ADDED ENTRY--TOPICAL TERM | |
| Topical term or geographic name as entry element | English language |
| General subdivision | Business English |
| Form subdivision | Audio-visual aids |
| 9 (RLIN) | 36059 |
| 650 #0 - SUBJECT ADDED ENTRY--TOPICAL TERM | |
| 9 (RLIN) | 36053 |
| Topical term or geographic name as entry element | English language |
| Form subdivision | Textbooks for foreign speakers |
| -- | Audio-visual aids |
| 650 #0 - SUBJECT ADDED ENTRY--TOPICAL TERM | |
| Topical term or geographic name as entry element | Business writing |
| Form subdivision | Problems, exercises, etc. |
| -- | Audio-visual aids |
| 9 (RLIN) | 36060 |
| 653 ## - INDEX TERM--UNCONTROLLED | |
| Resource For college | |
| Arrived date list | July2014 |
| 942 ## - ADDED ENTRY ELEMENTS (KOHA) | |
| Source of classification or shelving scheme | Dewey Decimal Classification |
| Item type | |
| Call number prefix | 428.202465 MAS |
| Withdrawn status | Lost status | Source of classification or shelving scheme | Damaged status | Not for loan | Koha collection | Location (home branch) | Sublocation or collection (holding branch) | Shelving location | Date acquired | Source of acquisition | Cost, normal purchase price | Invoice Number | Koha issues (times borrowed) | Koha full call number | Piece designation (barcode) | Koha date last seen | Cost, replacement price | Price effective from | Koha item type | Public note |
|---|---|---|---|---|---|---|---|---|---|---|---|---|---|---|---|---|---|---|---|---|
| Dewey Decimal Classification | ILB | Central Library | Central Library | Second Floor | 17/07/2014 | 240.00 | 4033 | 428.202465 MAS | 000036082 | 24/08/2022 | 300.00 | 17/07/2014 | CD | DVD - (NB) | 2 audio CDs |